LEADER 01650nas--2200481---450- 001 990003481180203316 005 20141029172058.0 011 $a0734-2071 035 $a000348118 035 $aUSA01000348118 035 $a(ALEPH)000348118USA01 035 $a000348118 100 $a20110111a----9999km-y-itay50------ba 101 0 $aeng 102 $aUS 110 $aahazz--|||| 200 1 $aACM Transactions on computer systems$fAssociation for Computing Machinery 210 $aNew York$cThe Association 215 $av.$cill.$d26 cm 300 $aComincia nel 1983 300 $aDescrizione basata su Vol.25, n.1(2007)- 300 $aIncluso nel pacchetto: ACM DIGITAL LIBRARY CORE PACKAGE 326 $aTrimestrale 606 0 $aElaboratori$xPeriodici$2BNCF 676 $a001.6405 712 02$aAssociation for Computing Machinery 801 0$aIT$bsalbc$gISBD 856 4 $uhttp://tocs.acm.org/$4.$zOnline da workstation autorizzate 912 $a990003481180203316 958 $aSCI$bPER II$c2006-2013; 959 $aSE 979 $aCIANATIEMP$b90$c20110111$lUSA01$h1156 979 $aCIANATIEMP$b90$c20110112$lUSA01$h0937 979 $aCIANATIEMP$b90$c20110126$lUSA01$h1233 979 $aCIANATIEMP$b90$c20110126$lUSA01$h1419 979 $aCIANATIEMP$b90$c20110126$lUSA01$h1420 979 $aCIANATIEMP$b90$c20110126$lUSA01$h1421 979 $aCIANATIEMP$b90$c20110127$lUSA01$h1229 979 $aCIANATIEMP$b90$c20110207$lUSA01$h1427 979 $aVITTORIANA$b90$c20130207$lUSA01$h1304 979 $aANGELA$b90$c20141029$lUSA01$h1720 996 $aACM transactions on computer systems$9104608 997 $aUNISA LEADER 05225nam 22006252 450 001 9910455062303321 005 20151005020623.0 010 $a0-511-69963-8 010 $a1-107-19301-X 010 $a1-282-33696-7 010 $a9786612336966 010 $a0-511-63459-5 010 $a0-511-63503-6 010 $a0-511-63285-1 010 $a0-511-63164-2 010 $a0-511-63548-6 010 $a0-511-63405-6 035 $a(CKB)1000000000804236 035 $a(EBL)461082 035 $a(OCoLC)609845589 035 $a(SSID)ssj0000289848 035 $a(UkCbUP)CR9780511635489 035 $a(MiAaPQ)EBC461082 035 $a(Au-PeEL)EBL461082 035 $a(CaPaEBR)ebr10349762 035 $a(CaONFJC)MIL233696 035 $a(EXLCZ)991000000000804236 100 $a20090923d2009|||| uy| 0 101 0 $aeng 135 $aur||||||||||| 181 $ctxt$2rdacontent 182 $cc$2rdamedia 183 $acr$2rdacarrier 200 00$aBest practice in labour and delivery /$fedited by Richard Warren, Sabaratnam Arulkumaran$b[electronic resource] 210 1$aCambridge :$cCambridge University Press,$d2009. 215 $a1 online resource (xii, 362 pages) $cdigital, PDF file(s) 300 $aTitle from publisher's bibliographic system (viewed on 05 Oct 2015). 311 $a0-521-72068-0 320 $aIncludes bibliographical references and index. 327 $aPelvic and fetal cranial anatomy and mechanism of labour / Louay S. Louis and Richard Warren -- The first stage of labour / Sambit Mukhopadhyay and David Fraser / Analgesia and anaesthesia in labour / Jason Scott and Geraldine O'Sullivan -- Intrapartum fetal surveillance / Rohan D'Souza and Sabaratnam Arulkumaran -- Uterine contractions / Vivek Nama and Sabaratnam Arulkumaran -- The management of intrapartum 'fetal distress' / Bryony Strachan -- Nutrition and hydration in labour / David Fraser and Sambit Mukhopadhyay -- Prolonged second stage of labour including difficult decision-making on operative vaginal delivery and caesarean section / Hajeera Butt and Deirdre J. Murphy -- Operative vaginal deliveries: indications, techniques and complications / Stergios K. Doumouchtsis and Sabaratnam Aurlkumaran -- Caesarean deliveries: idications, techniques and complications / Lisa Story and Sara Paterson-Brown -- Breech and twin delivery / Steve Walkinshaw -- Cord prolapse and shoulder dystocia / Joanna Crofts, Timothy Draycott and Mark Denbow. 327 $aThe immediate puerperium / Mahishee Mehta and Leonie Penna -- Triage and prioritization in a busy labour ward / Tracey Johnston and Nina Johns -- Risk management related to intrapartum care / Melissa K. Whitworth and Helen Scholefield -- Teamworking, skills and drills / Dimitrios M. Siassakos and Timothy J. Draycott -- Cerebral palsy arising from events in labour / Julian Woolfson -- Objective structured assessment of technical skills (OSATS) in obstetrics / S.M. Witten and M.J. Blott. 327 $aAntepartum haemorrage / Neelan Potdar, Osric Navti and Justin C. Konje -- Management of the third stage of labour / Pina Amin and Audrey Long -- Postpartum haemorrhage (PPH) / Nutan Mishra and Edwin Chandraharan -- Acute illness and maternal collapse in the postpartum period / Guy Jackson and Steve Yentis -- Episiotomy and obstertric perineal trauma / Ranee Thakar and Abdul H. Sultan -- Induction of labour / Devi Subramanian and Leonie Penna -- Preterm labour and delivery / Sarah L. Bell and Jane E. Norman -- Labour in women with medical disorders / Mandish Dhanjal and Catherine Nelson-Piercy -- Management of women with previous caesarean section / Rajesh Varma and Gordon C.S. Smith -- Rupture of the uterus / Nutan Mishra and Edwin Chandraharan -- Management of severe pre-eclampsia/eclampsia / James J. Walker -- Neonatal resuscitation and the management of immediate neonatal problems / Paul Mannix. 330 $aAn understanding of when and how to intervene is the key to good obstetric care. This textbook is an encompassing reference covering all the essential information relating to childbirth; it offers clear practical guidance on all aspects of labour and delivery. Written by well-known leading experts, each chapter offers a modern authoritative review of best practice. The evidence base decribed will help to optimize outcome through appropriate clinical management and justifiable intervention. Whilst this is an ideal textbook for those training and taking examinations in labour ward practice, it offers all those caring for the woman in labour a modern, evidence-based approach which will help them understand, recognize and deliver the best possible clinical care. The importance of team working, prioritizing, and the organization of maternity care receive appropriate emphasis with clear guidance and practical advice. 517 3 $aBest Practice in Labour & Delivery 606 $aChildbirth 615 0$aChildbirth. 676 $a618.4 702 $aWarren$b Richard$f1953 May 12- 702 $aArulkumaran$b Sabaratnam 801 0$bUkCbUP 801 1$bUkCbUP 906 $aBOOK 912 $a9910455062303321 996 $aBest practice in labour and delivery$92467976 997 $aUNINA